Batsford Estates (1983) Company Ltd v Taylor and another (Record no. 75313)

MARC details
000 -LEADER
fixed length control field 02018cab a2200193 4500
001 - CONTROL NUMBER
control field L129873
008 - FIXED-LENGTH DATA ELEMENTS--GENERAL INFORMATION
fixed length control field 050601n2005 000 0 eng u
035 ## - SYSTEM CONTROL NUMBER
System control number (Sirsi) u129873
041 ## - LANGUAGE CODE
Language code of text/sound track or separate title eng
245 ## - TITLE STATEMENT
Title Batsford Estates (1983) Company Ltd v Taylor and another
260 ## - PUBLICATION, DISTRIBUTION, ETC.
Date of publication, distribution, etc. 2005
490 ## - SERIES STATEMENT
Series statement Estates Gazette
Volume/sequential designation [2005] 33 EG 68-72(5)
520 ## - SUMMARY, ETC.
Summary, etc. [2005] EWCA Civ 489, 7 April 2005. Appeal by the occupiers (T) against an order to deliver possession of a disputed farmhouse and other property to its registered owner (B). B had served a notice to quit in 1985 on two brothers, the original tenants, one of whom, the first appellant's (T) father asserted his right to a life tenancy in response to the notice. The appellants (the son and the son's wife) submitted that the by then late father had acquired title to the disputed property by adverse possession through continuous possession of it since 1985 and B's title had been extinguished after 12 years by virtue of s15 of the Limitation Act 1980. B contended that occupation after 1985 was by B's permission as implied by B not pursuing the 1985 notice to quit and allowing the two brothers to continue occupying the farmhouse. "Held": appeal dismissed. The farmhouse had been occupied with B's implied permission within the second part of Sched 1 para 8(4) of the Act. Implied permission exists where the inference can be drawn from some overt act by the landowner or by demonstrable circumstances that permission was given and where any reasonable person could see that the use was with landowner's permission but it did not need to be communicated by words or conduct. B was entitled to possession of all the disputed land.
590 ## - LOCAL NOTE (RLIN)
Local note IKA070605
650 ## - SUBJECT ADDED ENTRY--TOPICAL TERM
Topical term or geographic name entry element BATSFORD ESTATES (1983) COMPANY LTD V TAYLOR AND ANOTHER
690 ## - LOCAL SUBJECT ADDED ENTRY--TOPICAL TERM (OCLC, RLIN)
Topical term or geographic name as entry element PROPERTY-LEASEHOLD PROPERTY-LANDLORD AND TENANT-TENANCIES-AGRICULTURAL TENANCIES
856 ## - ELECTRONIC LOCATION AND ACCESS
Uniform Resource Identifier <a href="https://www.bailii.org/ew/cases/EWCA/Civ/2005/489.html">https://www.bailii.org/ew/cases/EWCA/Civ/2005/489.html</a>
Public note View the decision free of charge at www.bailii.org...
942 ## - ADDED ENTRY ELEMENTS (KOHA)
Suppress in OPAC 0
Holdings
Withdrawn status Lost status Source of classification or shelving scheme Damaged status Not for loan Home library Current library Shelving location Date acquired Total Checkouts Full call number Barcode Date last seen Copy number Price effective from Koha item type
    Dewey Decimal Classification     London London Journal article 01/06/2005   L129873 129873-1001 06/08/2019 1 06/08/2019 Law report